=LDR 00000nam 2200000 4500 =001 INLIS000000000056639 =005 20200924092447 =035 ##$$a 0010-0920000270 =007 ta =008 200924################g##########0#ind## =082 ##$$a 304.025 =084 ##$$a 304.025 MIT m =245 ##$$a Mitra lingkungan : $b Direktori lembaga swadaya masyarakat, lembaga pemerintah dan perusahaan yang berkegiatan di bidang lingkungan hidup /$c Penyuntin, Eko Teguh Paripurno =260 ##$$a Yogyakarta :$b Kerjasama KAPPALA Indonesia dengan Dana Mitra Lingkungan,$c 1999 =300 ##$$a iv, 139 hlm. : $b ilus. ; $c 21 x 11 cm. =700 #$$a Eko Teguh Paripurno =600 #4$$a Ekologi - Direktori =990 ##$$a 157.759/Hd-2000